Filosofía y formación ética y ciudadana 2 /
Guardado en:
| Autor Principal: | |
|---|---|
| Otros Autores: | , , , |
| Formato: | Libro |
| Publicado: |
Buenos Aires :
Kapelusz,
2000
|
| Series: | Biblioteca del polimodal
|
| Materias: | |
| Etiquetas: |
Agregar Etiqueta
Sin Etiquetas, Sea el primero en etiquetar este registro!
|
| LEADER | 01521nam a22003615a 4500 | ||
|---|---|---|---|
| 001 | CEM.cems010235 | ||
| 005 | 20080228102948.0 | ||
| 008 | 130507s2000##################000#0#####d | ||
| 003 | CEMS | ||
| 020 | |a 9501324389 | ||
| 082 | 0 | 4 | |a Z320 |
| 100 | 1 | |a Morando, Nelva Edith | |
| 245 | 1 | 0 | |a Filosofía y formación ética y ciudadana 2 / |c Nelva Edith Morando... [et Al.] |
| 260 | |a Buenos Aires : |b Kapelusz, |c 2000 | ||
| 300 | |a 216 p. | ||
| 490 | 0 | |a Biblioteca del polimodal | |
| 500 | |a Para 2°año Polimodal | ||
| 505 | 0 | |a Breve introducción a la filosofía -- El conocimiento -- Conocimiento científico -- El problema antropológico -- Problemas estéticos -- Derechos humanos -- Ciudadano y ciudadanos -- La sociedad del siglo XVIII -- Constitución Nacional | |
| 653 | |a Filosofía | ||
| 653 | |a Conocimiento científico | ||
| 653 | |a Antropología | ||
| 653 | |a Derechos humanos | ||
| 653 | |a Constitución argentina | ||
| 653 | |a Formación ética y ciudadana-polimodal | ||
| 700 | 1 | |a Arca, Claudio M. | |
| 700 | 1 | |a Fulgheri, Elisa N. | |
| 700 | 1 | |a Marcasciano, Stella Maris | |
| 700 | 1 | |a Muños Cobeñas. Leticia A. | |
| 859 | |a CEMS |b BIB. CEMS - 11 de abril |h Z320 |i M794 |p 20741.00 |t Ej.1 |v 2 |3 2 | ||
| 859 | |a CEMS |b BIB. CEMS - 11 de abril |h Z320 |i M794 |p 21617.02 |t Ej.2 |v 2 |3 2 | ||
| 859 | |a CEMS |b BIB. CEMS - 11 de abril |h Z320 |i M794 |p 21618.02 |t Ej.3 |v 2 |3 2 | ||
| 859 | |a CEMS |b BIB. CEMS - 11 de abril |h Z320 |i M794 |p 21619.02 |t Ej.4 |v 2 |3 2 | ||
| 859 | |a CEMS |b BIB. CEMS - 11 de abril |h Z320 |i M794 |p 22904.05 |t Ej.5 |v 2 |3 2 | ||
